<?xml version="1.0" encoding="UTF-8"?>
<collection xmlns="http://www.loc.gov/MARC21/slim">
 <record>
  <leader>00382pamaa2200133   4500</leader>
  <controlfield tag="001">0000021253</controlfield>
  <controlfield tag="005">20061214090000.0</controlfield>
  <datafield tag="020" ind1="0" ind2="0">
   <subfield code="a">0933216823 (pbk) </subfield>
  </datafield>
  <datafield tag="090" ind1="0" ind2="0">
   <subfield code="a">PS3555.S26 </subfield>
   <subfield code="b">ESC 1991</subfield>
  </datafield>
  <datafield tag="100" ind1="1" ind2="0">
   <subfield code="a">ESCAMILL </subfield>
  </datafield>
  <datafield tag="245" ind1="1" ind2="0">
   <subfield code="a">Daughter of the mountain : </subfield>
   <subfield code="b">un cuento  </subfield>
   <subfield code="c">Edna Escamill.</subfield>
  </datafield>
  <datafield tag="260" ind1="0" ind2="0">
   <subfield code="a">San Francisco: </subfield>
   <subfield code="b">Aunt Lute Books, </subfield>
   <subfield code="c">1991.</subfield>
  </datafield>
  <datafield tag="300" ind1=" " ind2=" ">
   <subfield code="a">208p.; </subfield>
   <subfield code="c">22cm.</subfield>
  </datafield>
  <datafield tag="650" ind1="0" ind2="0">
   <subfield code="a">Yaqui Indians -- </subfield>
   <subfield code="x">Fiction </subfield>
  </datafield>
 </record>
</collection>
